<?xml version="1.0" encoding="UTF-8"?>
<record
    xmlns:xsi="http://www.w3.org/2001/XMLSchema-instance"
    xsi:schemaLocation="http://www.loc.gov/MARC21/slim http://www.loc.gov/standards/marcxml/schema/MARC21slim.xsd"
    xmlns="http://www.loc.gov/MARC21/slim">

  <leader>02528nam a2200397Ia 4500</leader>
  <controlfield tag="001">dia_6521</controlfield>
  <controlfield tag="003">CHAP</controlfield>
  <controlfield tag="005">20251023171649.0</controlfield>
  <controlfield tag="008">220117s2007    xx            000 0 und d</controlfield>
  <datafield tag="010" ind1=" " ind2=" ">
    <subfield code="a">178840</subfield>
  </datafield>
  <datafield tag="020" ind1=" " ind2=" ">
    <subfield code="a">978-1-59994-165-3</subfield>
  </datafield>
  <datafield tag="040" ind1=" " ind2=" ">
    <subfield code="c">CHAP</subfield>
  </datafield>
  <datafield tag="082" ind1=" " ind2=" ">
    <subfield code="a">005.74 C63 2007</subfield>
  </datafield>
  <datafield tag="100" ind1=" " ind2=" ">
    <subfield code="a">Cody, Ronald P.</subfield>
    <subfield code="9">140349</subfield>
  </datafield>
  <datafield tag="245" ind1=" " ind2=" ">
    <subfield code="a">Learning SAS by example : a programmer's guide  /</subfield>
    <subfield code="c"> Ron Cody</subfield>
  </datafield>
  <datafield tag="260" ind1=" " ind2=" ">
    <subfield code="a">Estados Unidos de Am&#xE9;rica  :</subfield>
    <subfield code="b"> SAS Institute,</subfield>
    <subfield code="c">2007</subfield>
  </datafield>
  <datafield tag="300" ind1=" " ind2=" ">
    <subfield code="a">xxxii,626 p.</subfield>
  </datafield>
  <datafield tag="440" ind1=" " ind2=" ">
    <subfield code="a">SAS Press series</subfield>
    <subfield code="9">163131</subfield>
  </datafield>
  <datafield tag="500" ind1=" " ind2=" ">
    <subfield code="a">"This book covers most SAS programming techniques, from the basics to ... advanced. ... Solutions to the odd-numbered problems are included in the book, while a complete set of solutions are available online for instructors"--Pref.</subfield>
  </datafield>
  <datafield tag="503" ind1=" " ind2=" ">
    <subfield code="a">C.</subfield>
  </datafield>
  <datafield tag="505" ind1=" " ind2=" ">
    <subfield code="a">Pt. Getting started : What is SAS? -- Writing your first SAS program -- Pt. 2. DATA step processing : Reading raw data from external files -- Creating permanent SAS data sets -- Creating formats and labels -- Reading and writing data from an Excel spreadsheet -- Performing conditional processing -- Performing iterative processing: looping -- Working with dates -- Subsetting and combining SAS data sets -- Working with numeric functions -- Working with character functions -- Working with arrays -- Pt. 3. Presenting and summarizing your data : Displaying your data -- Creating customized reports -- Summarizing your data -- Counting frequencies -- Creating tabular reports -- Introducing the output delivery system -- Generating high-quality graphics -- Pt. 4. Advanced topics : Using advanced INPUT techniques -- Using advanced features of user-defined formats and informats -- Restructuring SAS data sets -- Working with multiple observations per subject -- Introducing the SAS macro language -- Introducing the structured query language.</subfield>
  </datafield>
  <datafield tag="590" ind1=" " ind2=" ">
    <subfield code="a">QA76.9.D3 C63 2007</subfield>
  </datafield>
  <datafield tag="650" ind1=" " ind2=" ">
    <subfield code="a">Econometr&#xED;a</subfield>
    <subfield code="x">Programas para computadora  </subfield>
    <subfield code="9">163132</subfield>
  </datafield>
  <datafield tag="650" ind1=" " ind2=" ">
    <subfield code="a">Econometrics</subfield>
    <subfield code="x">Computer programs</subfield>
    <subfield code="9">163133</subfield>
  </datafield>
  <datafield tag="650" ind1=" " ind2=" ">
    <subfield code="a">SAS (Archivo de computadora)  </subfield>
    <subfield code="9">163134</subfield>
  </datafield>
  <datafield tag="650" ind1=" " ind2=" ">
    <subfield code="a">SAS (Archivo de computadora)</subfield>
    <subfield code="x">Manuales  </subfield>
    <subfield code="9">163135</subfield>
  </datafield>
  <datafield tag="650" ind1=" " ind2=" ">
    <subfield code="a">SAS (Computer file)  </subfield>
    <subfield code="9">150247</subfield>
  </datafield>
  <datafield tag="650" ind1=" " ind2=" ">
    <subfield code="a">SAS (Computer file)</subfield>
    <subfield code="x">Handbooks, manuals, etc.  </subfield>
    <subfield code="9">147277</subfield>
  </datafield>
  <datafield tag="650" ind1=" " ind2=" ">
    <subfield code="a">SAS/GRAPH  </subfield>
    <subfield code="9">163136</subfield>
  </datafield>
  <datafield tag="650" ind1=" " ind2=" ">
    <subfield code="a">SAS/STAT.  </subfield>
    <subfield code="9">163137</subfield>
  </datafield>
  <datafield tag="710" ind1=" " ind2=" ">
    <subfield code="a">SAS Institute</subfield>
    <subfield code="9">150244</subfield>
  </datafield>
  <datafield tag="901" ind1=" " ind2=" ">
    <subfield code="a">005.74 C63 2007</subfield>
  </datafield>
  <datafield tag="902" ind1=" " ind2=" ">
    <subfield code="a">M</subfield>
  </datafield>
  <datafield tag="905" ind1=" " ind2=" ">
    <subfield code="a">5232272007                          -usamn 8222223322eng16</subfield>
  </datafield>
  <datafield tag="942" ind1=" " ind2=" ">
    <subfield code="c">LIBRO</subfield>
    <subfield code="2">ddc</subfield>
  </datafield>
  <datafield tag="999" ind1=" " ind2=" ">
    <subfield code="c">178840</subfield>
    <subfield code="d">178840</subfield>
  </datafield>
  <datafield tag="952" ind1=" " ind2=" ">
    <subfield code="0">0</subfield>
    <subfield code="1">0</subfield>
    <subfield code="2">ddc</subfield>
    <subfield code="4">0</subfield>
    <subfield code="7">0</subfield>
    <subfield code="8">GRAL</subfield>
    <subfield code="a">IA_</subfield>
    <subfield code="b">IA_</subfield>
    <subfield code="c">1</subfield>
    <subfield code="d">2022-01-18</subfield>
    <subfield code="f">1</subfield>
    <subfield code="l">0</subfield>
    <subfield code="p">dia_010655</subfield>
    <subfield code="r">2022-01-18 00:00:00</subfield>
    <subfield code="t">1</subfield>
    <subfield code="w">2022-01-18</subfield>
    <subfield code="y">LIBRO</subfield>
  </datafield>
</record>
